Quizzes
Events
Quiz Creation
Community
Videos
Private Events
Remove Ads
Sign In
Join for FREE
Feedback
Dark Mode
Quiz Categories
Sports
Geography
Music
Movies
Television
Just For Fun
Miscellaneous
History
Literature
Language
Science
Gaming
Entertainment
Religion
Holiday
For Kids
Quiz Lab
Recent
Popular Today
Quiz Kudos Today
Editor Picks
Curator Picks
Quizzes by...
Day
Popularity
Type
Ratings
Length
Year
Community
Subscriptions
Recent Discussions
Orange Saloon
Badges
Playlists
Quests
Create
Leaderboards
Showdown
Live 5
Trivia Bingo
Activity
Puzzle Library
Sporcle Events
Private Events
Virtual Trivia
Globe League
Become a Host
Pub Owners
SporcleCon
Opinionation
Our Games
Videos
Blog
Mobile Apps
Partnerships
Remove Ads and Go Orange
Feedback
Sports
Athletes
MLB
NBA
NHL
NFL
Soccer
Sports Teams
WWE
NCAA
Football
Premier League
Basketball
Baseball
Hockey
Golf
Tennis
Cricket
Rugby
Auto Racing
Olympics
World Cup
Sports
Athletes
MLB
NBA
NHL
NFL
Soccer
Sports Teams
WWE
NCAA
Football
Premier League
Basketball
Baseball
Hockey
Golf
Tennis
Cricket
Rugby
Auto Racing
Olympics
World Cup
Random Quiz
Search Sporcle
×
Quiz Lab
Quiz Lab
Sports
WWE
Type in answers that appear in a list
Type in answers that appear in a list
Classic
Best Score? Go Orange.
Triple H's WWE PPV opponents (2008-2015) Stats
Can you name the Triple H's WWE PPV opponents (2008-2010)?
By
Malkore
10m
61 Questions
5,582 Plays
5,582 Plays
5,582 Plays
Comments
Comments
Give Quiz Kudos
Give Quiz Kudos
-
- Ratings
hide this ad
Replay
Link that replays current quiz
Next Quiz
Link to next quiz in quiz playlist
You Got
0%
They Got
Avg Score
72%
Avg Friend Score
Upgrade to see
Score Distribution
Jump to the score distribution portion of the page
Score
0/61
Timer
10:00
1
Play Today
Pay Per View
Wrestler
% Correct
Night of Champions (2009)
John Cena
97.2%
Survivor Series (2009)
John Cena
97.2%
Royal Rumble (2009)
Randy Orton
96.5%
Wrestlemania XXV
Randy Orton
96.5%
Backlash (2009)
Randy Orton
96.5%
The Bash (2009)
Randy Orton
96.5%
Night of Champions (2009)
Randy Orton
96.5%
Wrestlemania XXVII
Undertaker
96.5%
Wrestlemania XXVIII
Undertaker
96.5%
Survivor Series (2009)
Shawn Michaels
93.1%
No Way Out (2009)
Undertaker
92.7%
Extreme Rules (2014)
Shield
91.1%
Payback (2014)
Shield
91.1%
Night of Champions (2011)
CM Punk
90.7%
Extreme Rules (2014)
Shield
90.6%
Payback (2014)
Shield
90.6%
Elimination Chamber (2010)
John Cena
90.4%
Survivor Series (2008)
Edge
90.1%
Armageddon (2008)
Edge
90.1%
No Way Out (2009)
Edge
90.1%
Wrestlemania 29
Brock Lesnar
90%
Summerslam (2012)
Brock Lesnar
90%
Extreme Rules (2013)
Brock Lesnar
90%
Elimination Chamber (2010)
Randy Orton
89.7%
Extreme Rules (2014)
Shield
89.6%
Payback (2014)
Shield
89.6%
No Way Out (2009)
Big Show
89.3%
Wrestlemania XXX
Daniel Bryan
88.4%
Bragging Rights (2009)
Chris Jericho
88%
Royal Rumble (2010)
Shawn Michaels
86.5%
No Mercy (2008)
Jeff Hardy
85.5%
Pay Per View
Wrestler
% Correct
Cyber Sunday (2008)
Jeff Hardy
85.5%
Armageddon (2008)
Jeff Hardy
85.5%
No Way Out (2009)
Jeff Hardy
85.5%
Wrestlemania 31
Sting
85.4%
TLC (2009)
Big Show
85.3%
TLC (2009)
Chris Jericho
83.7%
Backlash (2009)
Cody Rhodes
83.6%
Summerslam (2009)
Cody Rhodes
83.6%
Breaking Point (2009)
Cody Rhodes
83.6%
Hell in a Cell (2009)
Cody Rhodes
83.6%
Bragging Rights (2009)
Matt Hardy
83.2%
Backlash (2009)
Ted DiBiase
82.7%
Summerslam (2009)
Ted DiBiase
82.7%
Breaking Point (2009)
Ted DiBiase
82.7%
Hell in a Cell (2009)
Ted DiBiase
82.7%
Vengeance (2011)
The Miz
81.6%
Bragging Rights (2009)
Kane
79.8%
Elimination Chamber (2010)
Sheamus
78.2%
Wrestlemania 26 (2010)
Sheamus
78.2%
Elimination Chamber (2010)
Ted DiBiase
76.3%
Vengeance (2011)
R Truth
74.1%
Extreme Rules (2010)
Sheamus
74.1%
TLC (2011)
Kevin Nash
71.9%
Survivor Series (2008)
Vladimir Kozlov
63.1%
No Way Out (2009)
Vladimir Kozlov
63.1%
Elimination Chamber (2010)
Kofi Kingston
61.7%
Bragging Rights (2009)
R-Truth
56.5%
Bragging Rights (2009)
Finlay
49.4%
Bragging Rights (2009)
Tyson Kidd
41.2%
Bragging Rights (2009)
David Hart Smith
40.9%
Quiz Playlist
Details
Report
Send in Message
Add To Playlist
Classic:
Type in answers that appear in a list
Last Updated: Jul 17, 2017
Quiz Scoreboard
CHALLENGE
Sign Up to Join the Scoreboard
Show All
Scores
Hide
Comments
May contain spoilers
Recently Published
One Thing in Common: World Cities II
by knightlancer
Geography
7m
Popular People in 1961
by mucciniale
History
6m
1-10 Letter E Words III
by El_Dandy
Language
2m
More to Explore
Quiz From the Vault
Featured Blog Post
Where Did the Easter Bunny Come From?
hide this ad
You Might Also Like...
Tags
WWE Quiz
2008-2009
Matching
opponent
Pay
PPV
triple
View
Wrestlers
Today's Top Quizzes in Sports
Browse Sports
hide this ad
Today's Top Quizzes in WWE
Browse WWE
Top Contributed Quizzes in Sports
1
2022 World Cup Stars
2
Les entraîneurs de l'OM et du PSG au 21e siècle
3
FIFA Club World Cup Champions
4
Criteria MLB: Left Handed Sluggers
5
Les meilleurs buteurs des matchs entre le PSG et l’OM
6
Name the Premier League winners with different clubs
7
Players with Multiple 50 Home Run Seasons
8
MLB Players with Two .350 Batting Average Seasons
9
La finale Lions - Afrique du Sud 2021
10
MLB Hall of Famer by Rings
Explore More
Trending Topics
Crossword
Anime
Kpop
Marvel
Disney
NBA
Harry Potter
NFL
The Office
Pokémon
Song
Puzzle
WWE
Country
Soccer
hide this ad
More By:
Malkore
Quiz
Plays
Rating
Category
Featured
Created
Names of Undertakers WWE PPV opponents?
15,518
3.46
Sports
Oct 26, 2009
WWE Theme Songs (clips)
10,022
1.74
Sports
Jun 19, 2010
Batista's WWE PPV Opponents (2002 - 2014)
8,345
3.53
Sports
Nov 16, 2009
Triple H's WWE PPV opponents (1995-2008)
7,770
2.74
Sports
Nov 12, 2009
Triple H's WWE PPV opponents (2008-2015)
5,582
4.00
Sports
Nov 12, 2009
Go to Creator's Profile
Score Distribution
Quiz Creator Spotlight
Malkore
Follow
Send a Message
Quizzes Created
-
Created Quiz Play Count
-
More By This Creator
Popular Quizzes Today
1
Find the US States - No Outlines Minefield
2
The Countries of the World
3
Popular People in 1961
4
Find the Countries of Europe - No Outlines Minefield
5
1-10 Letter E Words III
6
Find the US States
7
US States
8
One Thing in Common: World Cities II
More Sports Quizzes
#1 Légendes Françaises 100% Ligue 1 (expert)
Quiz Lab
Trending Quizzes
Country Music Stars Doing Things
Get the Picture: Carrie or Dolly
1-10 Letter F Words
1-10 Letter G Words
Risky Map Clicking: Next State Alphabetically
Recently Updated
Leaping Animals
pecheneg
Reality TV Shows (A-Z)
bhenderson79
Rickey Henderson's Hall of Fame Teammates
pecheneg
Champions League XIs: Arsenal
pecheneg
Quick Pick: Celebrities in WWE's Hall of Fame
aduchscher
A-Z Keypad Blitz II
pecheneg
Multiple Oscar Actors
pecheneg
Mystery Phrase Blitz: Oscar 'Best Actors'
pecheneg
F. Scott Fitzgerald Novels
LTH
Pick 3 Villains
ddd62291
Trending Topics
Disney
Marvel
Kpop
Anime
NBA
Harry Potter
Crossword
Song
Soccer
Pokémon
Country
Puzzle
WWE
The Office
NFL
Your Account Isn't Verified!
In order to create a playlist on Sporcle, you need to verify the email address you used during registration. Go to your
Sporcle Settings
to finish the process.
Report this User
Report this user for behavior that violates our
Community Guidelines
.
Details:
Send Report
Go to the Sporcle.com Mobile Site →
Comments